000 00601nam a2200217Ia 4500
005 20250508165453.0
008 008 250505s9999 xx 000 0 hin d
020 _a81-7055-133-1
037 _aTextual
040 _aFEDL
_beng
_cFEDL
041 _ahin
_2hin
084 _a305.8, DUB
_qFEDL
100 _aDube Abhay Kumar Ed.
_9404742
245 0 _aAdhunikta ke aaeene mein dalit
260 _aNew Delhi, India
_bVani Prakashan
_c2008
300 _a422p.
365 _aINR
_b413
490 _aLok- Chantan Granthmala
942 _cTEXL
_h305.8, DUB
999 _c1395292
_d1395292